• 首页
  • 本馆介绍
  • 公告通知
  • 最新文献
  • 馆藏检索
  • 电子资源
  • 读者导购
  • 参考咨询
  • 我的图书馆
  • 登录
  • 详细信息显示
  • 放入我的书架
  • 预约/预借图书
  • 作者相关作品
  • 分类相关作品
  • 丛书相关作品
  • 出版社相关作品

书目信息

  • 表格格式
  • 工作单格式
  • 卡片格式
题名:
慕尼黑
    
 
作者: 李黎 编著 ;何侃 , 谢曙光 主编
分册:  
出版信息: 北京   社会科学文献出版社  2004
页数: 203页
开本: 23cm
丛书名: 飞扬商旅书系
单 册:
中图分类: K951.69
科图分类:
主题词: 旅游指南--慕尼黑
电子资源:
ISBN: 7-80190-258-0
000 01273nam0 2200361 450
000 01236nam0 2200349 450
000 01234nam0 2200361 450
000 01180nam0 2200337 450
000 01198nam0 2200325 450
000 01161nam0 2200313 45
001 TS2006011165
005 20061208104625.48
010    @a7-80190-258-0@dCNY39.00
100    @a20060829d2004 em y0chiy0110 ea
101 0  @achi@aeng
102    @aCN@b110000
105    @aa z 000yy
200 1  @a慕尼黑@Amu ni hei@e阿尔卑斯山下的啤酒花园@f李黎编著
210    @a北京@c社会科学文献出版社@d2004
215    @a203页@c照片@d23cm
225 2  @a飞扬商旅书系@f谢曙光, 何侃主编
330    @a本书是图文并茂的欧洲艺术和文化之城德国慕尼黑的旅游指南,介绍其山水相映的城市风貌,悠久历史,及其啤酒风情、奥林匹克村、狂欢节等。
410  0 @12001 @a飞扬商旅书系
510 1  @aMunich@eBeer Garden at the Foot of the Alps@zeng
606 0  @a旅游指南@y慕尼黑
690    @aK951.69@v4
701  0 @a李黎@Ali li@c(旅游)@4编著
702  0 @a何侃@Ahe kan@c(旅游)@4主编
702  0 @a谢曙光@Axie shu guang@c(教授)@4主编
801  0 @aCN@b中图数据@c20061208
905    @a10447@dK951.69@e114
    
    慕尼黑:阿尔卑斯山下的啤酒花园/李黎编著.-北京:社会科学文献出版社,2004
    203页:照片;23cm.-(飞扬商旅书系/谢曙光, 何侃主编)
    
    
    ISBN 7-80190-258-0:CNY39.00
    本书是图文并茂的欧洲艺术和文化之城德国慕尼黑的旅游指南,介绍其山水相映的城市风貌,悠久历史,及其啤酒风情、奥林匹克村、狂欢节等。
●
相关链接 在E读中查询图书 在五车中查询图书 在当当中查询图书 在豆瓣中查询图书


正题名:慕尼黑     索取号:K951.69/114         预约/预借

序号 登录号 条形码 馆藏地/架位号 状态 备注
1 0616901   206169019   第二样本阅览室/ [索取号:K951.69/114] 在馆    
2 0616902   206169028   第二借阅区/ [索取号:K951.69/114] 在馆    
3 0616903   206169037   第二借阅区/ [索取号:K951.69/114] 在馆    
4 0616904   206169046   第二借阅区/ [索取号:K951.69/114] 在馆    
5 0616905   206169055   第二借阅区/ [索取号:K951.69/114] 在馆    
唐山师范学院图书馆 欢迎您!
大连网信软件有限公司© 版权所有